[Event "Linares 22nd"]
[Site "Linares"]
[Date "2005.03.04"]
[Round "9"]
[White "Kasimdzhanov, Rustam"]
[Black "Kasparov, Garry"]
[Result "0-1"]
[WhiteElo "2678"]
[BlackElo "2804"]
[Annotator "Lutz,C"]
[PlyCount "72"]
[EventDate "2005.02.23"]
[EventType "tourn"]
[EventRounds "14"]
[EventCountry "ESP"]
[EventCategory "20"]
[SourceTitle "CBM 106"]
[Source "ChessBase"]
[SourceDate "2005.06.06"]
[SourceVersion "1"]
[SourceVersionDate "2005.06.06"]
[SourceQuality "1"]

{[%mdl 1]} 1. d4 d5 2. c4 c6 3. Nc3 Nf6 4. e3 e6 5. Nf3 Nbd7 6. Bd3 dxc4 7.
Bxc4 b5 8. Bd3 Bb7 9. O-O a6 10. e4 c5 11. d5 Qc7 12. dxe6 fxe6 13. Bc2 c4 14.
Nd4 Nc5 15. Be3 e5 (15... Rd8) (15... O-O-O) 16. Nf3 {Wegen dieses Zuges war
die Variante mit 15...e5 (und das gesamte Abspiel mit 13...c4) aus schwarzer
Sicht unpopulär geworden. Aber Kasparov hat einen Trumpf im Ärmel.} Be7 $1 (
16... Rd8 17. Qe2 Be7 18. a4 $1 Ncxe4 $5 19. Nxe4 Bxe4 (19... Nxe4 {(Petursson)
Lutz} 20. axb5 axb5 21. Ra7 $36) 20. Bxe4 Nxe4 21. axb5 axb5 22. Ra7 $40 {
1-0 Alterman,B-Gabriel,C/Bad Homburg 1997/CBM 60/[Petursson] (42)}) (16...
Ncxe4 17. Nxe4 Nxe4 18. Re1 Bd6 19. Bxe4 Bxe4 20. Ng5 Bd3 21. Qf3 $36 {1/2-1/2
Gelfand,B-Bareev,E/Novgorod 1997/CBM 60/[Lutz] (100)}) (16... Bxe4 $2 17. Nxe4
Ncxe4 18. Bxe4 $18) (16... Nfxe4 17. Nxe4 Nxe4 {- 16...Ncxe4}) (16... Bd6 17.
Nd5 $5) 17. Ng5 {Damit verhindert Weiß die kurze schwarze Rochade, denn dann
gewinnt Bxc5 nebst Ne6 die Qualität... oder etwa nicht !?} (17. Qe2 O-O 18. Ng5
Rae8 19. b4 cxb3 20. axb3 h6 21. b4 Ncd7 22. Bb3+ Kh8 23. Rac1 hxg5 24. Nxb5
Qb8 25. Nc7 Bxe4 26. Nxe8 Qxe8 27. f3 Bd5 $17 {0-1 Shariyazdanov,A-Adianto,U/
Biel 2003/CBM 95 ext (56)}) (17. Nd5 $5) 17... O-O $1 $146 {Das ist die Idee,
Schwarz ignoriert einfach die weiße Drohung. Wie Kasparov in NIC Magazin 3/
2005 schreibt, entstand diese Neuerung während seiner Vorbereitung auf das
Match gegen DEEP JUNIOR im Jahre 2003. Kasparov analysierte diese Variante an
seinem PC, und JUNIOR wollte 17...0-0 spielen. Nach eingehender Untersuchung
kam Kasparov zu dem Schluss, dass Schwarz dann in der Tat Kompensation für die
Qualität bekommen würde. Nach anderen schwarzen Zügen erhält Weiß die
Initative:} (17... Qc6 18. Nd5 h6 19. Bxc5 (19. Nf3 $5) 19... Bxc5 20. Ne6 Kf7
21. Nxc5 Qxc5 22. Nxf6 gxf6 23. Qd7+ Qe7 24. Qf5 (24. Rad1 $5) 24... Qe6 25.
Qh5+ Ke7 26. b3 c3 27. b4 Rag8 28. Qe2 Qc4 29. Qxc4 bxc4 30. Rfe1 Rd8 31. Re3
Rd4 32. f3 Rb8 33. Rxc3 Bc8 34. Rb1 Be6 35. a3 Rd2 36. Rd1 Rd4 37. Kf2 Rbd8 38.
Ke2 Rg8 39. g3 h5 40. Ke3 Rgd8 41. Re1 h4 42. gxh4 Rh8 43. Bd1 Rxh4 44. Be2 f5
45. exf5 Bxf5 46. Rg1 Be6 47. Rg2 {1/2-1/2 Schlecht,D-Schaefer,M/Germany 1998/
GER-chT (47)}) (17... h6 18. Bxc5 hxg5 19. Be3 g4 20. Qe2 O-O-O 21. a4 b4 22.
Nd5 Nxd5 23. exd5 Bxd5 24. Qxg4+ Kb8 25. Rfd1 $40 Bf6 26. Rd2 Bb7 27. Rxd8+
Rxd8 28. Be4 Rd4 29. Bxd4 exd4 30. Bxb7 Kxb7 31. Rc1 Qe5 32. Qd7+ Kb6 33. a5+
Kc5 34. Qc8+ Kd6 35. Qxc4 Qxa5 36. Qc6+ Ke5 37. Rc5+ {1-0 Kruppa,Y-Collas,D/
Cappelle la Grande 2001/CBM 80 ext (37)}) 18. Bxc5 Bxc5 19. Ne6 Qb6 20. Nxf8
Rxf8 {Schwarz hat eine glatte Qualität weniger, aber dafür hat er Spiel auf
den schwarzen Feldern (insbesondere gegen f2) und die weißen Figuren sind noch
auf die letzten beiden Reihen postiert. Die Zukunft wird zeigen, ob Schwarz
wirklich genügend Kompensation hat.} 21. Nd5 $6 {Unter dem Eindruck der
gegnerischen Neurung spielt Kasimdzhanov zu gradlinig. Weiß will die Lage
klären, aber Schwarz erhält unmittelbar einen Bauern und einen
"Läufervorposten".} (21. Qe2 Qe6 {"mit den Ideen ...Bd4 und ...Ng4 und Schwarz
hat nahezu volle Kompensation" (Kasparov)}) (21. a4 Bxf2+ 22. Kh1 Bd4 23. axb5
axb5 $44 {(Kasparov)}) 21... Bxd5 $1 22. exd5 Bxf2+ 23. Kh1 (23. Rxf2 $2 Ng4
24. Qxg4 Qxf2+ 25. Kh1 Qf1+ 26. Rxf1 Rxf1#) 23... e4 $1 {Damit verankert
Schwarz den Läufer auf f2. Das Problem für Weiß ist nun, dass seine Türme
nicht mehr ins Spiel kommen. Der weiße Läufer steht auf c2 schlecht, er würde
auf e2 wesentlich besser stehen (Blockade des e-Bauern und Kontrolle über g4).}
24. Qe2 $2 {Gemäß Kasparov ein glatter Zeitverlust.} (24. a4 $5 {kam in
Betracht, um die a-Linie zu öffnen, z.B.} Rd8 25. axb5 axb5 26. Qe2 e3 27. Rad1
Qd6 28. Bf5 Qf4 29. Bh3 g6 {mit gutem Spiel für Schwarz (Kasparov)}) (24. d6 $5
{war vermutlich das stärkste, um sofort Aktivität zu suchen und insbesondere
den Bc2 ins Spiel zu bringen.} e3 25. Bf5 $1 g6 26. Bh3 Kg7 {(Kasparov), mit
Chancen für beide Seiten.}) 24... e3 25. Rfd1 $2 {Danach steht Weiß gemäß
Kasparov schon auf Verlust. Insbesondere hat Weiß nun nicht mehr die
Möglichkeit, auf f2 die Qualität zurückzuopfern.} (25. Rad1 {ist besser,
obwohl auch dann Schwarz Vorteil behält.} Qd6 26. Bf5 Kh8 27. Rxf2 exf2 28.
Qxf2 Re8 {"und es ist schwierig für Weiß, den Bauern zu behalten" (Kasparov).})
25... Qd6 $1 $19 {Die schwarzen Figuren nähern sich an den weißen König an,
während die weißen Figuren eingesperrt sind.} 26. a4 g6 $1 {Bereitet ...Nh5
vor und nimmt dem Bc2 das Feld f5.} 27. axb5 axb5 28. g3 Nh5 $1 {Schwarz lässt
die Aktivierung der weißen Dame zu.} (28... Qe5 29. d6 Nh5 30. d7 Nxg3+ 31.
hxg3 Qxg3 32. Bf5 $1 {(Kasparov) ist nur Dauerschach für Schwarz.}) 29. Qg4
Bxg3 $1 30. hxg3 (30. Qe6+ Qxe6 31. dxe6 Bh4 $19 {nebst Vormarsch des e-Bauern
(Kasparov)}) ({Nach} 30. Rg1 {hat Schwarz nach Kasparov die Wahl zwischen zwei
Gewinnzügen:} Bxh2 $5 (30... Bf2 $1 31. Qxh5 Bxg1 32. Rxg1 Rf1 $1 33. Qg4 Rf2
34. Qe6+ Qxe6 35. dxe6 Rxc2 $19) 31. Qxh5 (31. Bxg6 hxg6 32. Qxg6+ Qxg6 33.
Rxg6+ Kh7 34. Re6 Bf4 $19) 31... Bxg1 32. Rxg1 Rf1) 30... Nxg3+ 31. Kg2 Rf2+
32. Kh3 Nf5 $1 33. Rh1 h5 34. Qxg6+ (34. Qg5 Rf3+) 34... Qxg6 35. Rhg1 Qxg1 36.
Rxg1+ Kf7 0-1

[Event "Linares 22nd"]
[Site "Linares"]
[Date "2005.03.08"]
[Round "12"]
[White "Adams, Michael"]
[Black "Kasparov, Garry"]
[Result "0-1"]
[WhiteElo "2741"]
[BlackElo "2804"]
[Annotator "Ftacnik,L"]
[PlyCount "52"]
[EventDate "2005.02.23"]
[EventType "tourn"]
[EventRounds "14"]
[EventCountry "ESP"]
[EventCategory "20"]
[SourceTitle "CBM 106"]
[Source "ChessBase"]
[SourceDate "2005.06.06"]
[SourceVersion "1"]
[SourceVersionDate "2005.06.06"]
[SourceQuality "1"]

1. e4 c5 2. Nf3 d6 3. d4 cxd4 4. Nxd4 Nf6 5. Nc3 a6 6. Be3 e6 7. Be2 Qc7 8. Qd2
b5 9. a3 Bb7 10. f3 Nc6 (10... Nbd7 11. O-O-O d5 12. exd5 Bxd5 13. Bf4 Qb7 14.
Nf5 Qb6 15. Rhe1 O-O-O 16. Bg5 Nc5 17. Bxf6 gxf6 18. Qd4 Bc6 19. Qxf6 Nd7 20.
Ne7+ Bxe7 21. Qxe7 {Shirov,A-Gelfand,B/Amber rapid 13th/2004/ 1-0 (28)}) 11.
O-O-O $6 {Adams shows surprizing courage as Kasparov can immediately open
access to his king.} (11. g4 Be7 12. g5 Nd7 13. h4 Rc8 $13) (11. Nxc6 Bxc6 12.
g4 Rc8 13. h4 Be7 14. g5 Nd7 15. O-O-O d5 16. Bf4 e5 17. exd5 exf4 18. dxc6
Qxc6 19. Qxf4 Bxa3 20. Qe3+ Kf8 21. bxa3 {1-0 Suspes Aguiar,J-Ferreiro Pailos,
A/Ferrol 2002/ (21)}) 11... b4 $1 12. axb4 Nxb4 13. g4 (13. Bg5 d5 14. Bxf6
gxf6 $15) 13... Be7 (13... Rc8 14. Kb1 d5 15. e5 Nd7 16. f4 $11) 14. g5 Nd7 15.
h4 Nc5 16. Kb1 Rb8 (16... d5 17. e5 Nc6 18. f4 Rb8 19. h5 $11) 17. h5 {White
has made progress with preparation for the kingside attack, black rooks are
still unconected.} O-O 18. g6 Bf6 $1 19. Rdg1 (19. gxh7+ Kxh7 20. Bg5 Be5 $1
21. h6 g6 $13) 19... Ba8 20. Bg5 (20. gxh7+ Kxh7 21. h6 g6 22. Bf1 d5 $36)
20... Be5 21. gxh7+ Kxh7 22. Nb3 $2 {[%mdl 256] Serious tactical mistake, but
is was not easy to show the development of white's play on the kingside. Black
was planning the doubling along the b file with serious consequences for the
security of the b2 pawn.} (22. Be3 Qb6 23. h6 g6 24. b3 Nxc2 25. Kxc2 Nxb3 $17)
22... Nxc2 $1 23. Nxc5 (23. Qxc2 Rxb3 $19) 23... Na3+ 24. Ka2 (24. Kc1 Qxc5 25.
h6 g6 26. Be3 Qb4 27. Bxa6 Nb1 28. Nxb1 Bxb2+ 29. Kd1 Qa4+ $17) 24... Qxc5 25.
Na4 Nc2 $1 {Beautiful small combination, white king will remain exposed and
vulnerable.} 26. Kb1 (26. Nxc5 Rxb2#) 26... Qa3 (26... Qa3 27. Qxc2 Rfc8 28.
Qd2 Qxa4 $19) 0-1